| 000 | 00773nam a2200205 i 4500 | ||
|---|---|---|---|
| 001 | 70181 | ||
| 003 | ES-MaACL | ||
| 005 | 20230906170737.0 | ||
| 007 | t| | ||
| 008 | 040720s1982 fr ||||1| fre d | ||
| 100 | 1 |
_aGarcía-Pelayo y Gross, Ramón. _955096 |
|
| 245 | 1 | 0 |
_aDictionnaire français-espagnol, espagnol-français / _cpar Ramón García-Pelayo y Gross et Jean Testas ; avec la collaboration de Micheline Durand ... [et al.]. |
| 260 |
_aParis, etc. : _bLarousse, _c[1982] |
||
| 300 |
_a2 t. en 1 v. ; _c24 cm. |
||
| 650 | 4 |
_aLengua francesa- _vDiccionarios- _xEspañol. _914213 |
|
| 650 | 4 |
_aLengua española- _vDiccionarios- _xFrancés. _914145 |
|
| 700 | 1 |
_aTestas, Jean. _9109834 |
|
| 700 | 1 |
_aDurand, Micheline. _946256 |
|
| 852 |
_aES-MaACL _jL-4203 _bR.105124 |
||
| 999 |
_c70181 _d70181 |
||